| 000 | 00853nam a2200289 4500 | ||
|---|---|---|---|
| 001 | 21329 | ||
| 003 | CZ PrNK | ||
| 005 | 20260227115119.0 | ||
| 007 | ta | ||
| 008 | 930104s1985 xo a 000 0 slo | ||
| 020 | _q(Váz.) | ||
| 040 |
_aABA001 _bcze _dABA001 |
||
| 041 | 1 |
_aslo _hund |
|
| 080 |
_a885.4-193(081)=854 _2undef |
||
| 100 | 1 |
_aBajza, Jozef Ignác, _d1755-1836 _4aut |
|
| 245 | 1 | 0 |
_aEpigramy / _cJosef Ignác Bajza ; vybral, preložil a predslov napísal Marián Heveši |
| 250 | _a1. vyd. | ||
| 260 |
_aBratislava : _bTatran, _c1985 |
||
| 300 |
_a148 s. : _bil. ; _c24 cm |
||
| 490 | 1 |
_aHviezdoslavova knižnica ; _vzv. 290 |
|
| 700 | 1 |
_aTkáčiková, Eva _4aui |
|
| 700 | 1 |
_aZimka, Ondrej, _d1937- _4ill |
|
| 700 | 1 |
_aHeveši, Marián, _d1947- _4com |
|
| 830 | 0 | _aHviezdoslavova knižnica | |
| 910 | _aABA001 | ||
| 942 |
_2ddc _cKLDO _n0 |
||
| 999 |
_c21329 _d21329 |
||